000 00192nam a2200097Ia 4500
008 190216s9999||||xx |||||||||||||| ||und||
100 _aKaroor
245 0 _aHari
260 _bNull
942 _cBK
999 _c24533
_d24533